000
00290nam a2200085Ia 4500
245
0
_a
The Sterling dictionary of English : for every day use : extended version with sentences
100
_a
Hulugalle, Arjuna New Delhi, 2009
942
_c
BK
008
210818s9999 xx 000 0 und d
999
_c
427059
_d
427058